Sports Quiz

Random Sports or World Quiz

World Golf Hall of Fame Quiz Stats

 Plays Quiz Retired Oct 2, 2021

     
Support Sporcle.
Go Orange.
Score 0/164 Timer 12:00
0 Plays Today
Year Member % Correct
2021Tiger Woods
84.9%
1974Arnold Palmer
83.5%
1974Jack Nicklaus
83%
2008Craig Wood
73.6%
1974Bobby Jones
67.5%
1987Robert Trent Jones, Sr.
66.4%
1974Gary Player
64.5%
1988Tom Watson
60.5%
1974Ben Hogan
60.2%
1997Nick Faldo
57.3%
1974Sam Snead
57%
2012Phil Mickelson
56.3%
2001Greg Norman
55.2%
1981Lee Trevino
54.3%
1997Seve Ballesteros
51.3%
1990Horton Smith
47.8%
2006Marilynn Smith
47.7%
2003Annika Sörenstam
46.9%
1977John Ball
46.8%
2013Fred Couples
44.6%
2017Davis Love III
44.4%
1987Nancy Lopez
43.2%
1974Byron Nelson
43.1%
1974Walter Hagen
43%
2017Ian Woosnam
42.6%
2006Larry Nelson
42.5%
2006Vijay Singh
42%
2001Payne Stewart
40.1%
1996Johnny Miller
38.6%
2004Tom Kite
38.4%
2013Colin Montgomerie
37.6%
1974Gene Sarazen
37.2%
1983Bob Hope
37%
2019Retief Goosen
36.2%
1951Babe Zaharias
35.6%
2001Bernhard Langer
35.5%
2012Sandy Lyle
34.6%
2011Ernie Els
33.8%
2015Mark O'Meara
33.3%
2003Nick Price
32.8%
2002Ben Crenshaw
32.7%
2015Laura Davies
32.4%
1976Old Tom Morris
32.4%
1975Young Tom Morris
32.3%
2009Jose Maria Olazabal
32.1%
2013Willie Park Jr.
31.7%
1989Raymond Floyd
31.6%
1992Hale Irwin
31.3%
2008Pete Dye
29.2%
1992Chi Chi Rodriguez
29%
1974Harry Vardon
27.9%
2007Curtis Strange
27.7%
1978Billy Casper
27.4%
2013Ken Venturi
27.3%
1978Bing Crosby
26.3%
Year Member % Correct
2002Tony Jacklin
26.2%
1974Francis Ouimet
26%
2007Hubert Green
25.1%
2019Jan Stephenson
25.1%
1975Willie Anderson
23.6%
2015David Graham
23.5%
2005Willie Park, Sr.
23.2%
1976Tommy Armour
23.1%
1988Peter Thomson
22.2%
2008Carol Semple Thompson
22%
2017Meg Mallon
21.7%
2012Dan Jenkins
21.5%
2019Peggy Kirk Bell
21.5%
2005Karrie Webb
21.4%
1994Dinah Shore
21.2%
2012Peter Alliss
21.1%
1975John Henry Taylor
20.9%
1964Mickey Wright
20.7%
2009Lanny Wadkins
20.6%
1995Betsy King
20.6%
2007Se Ri Pak
20.4%
2000Juli Inkster
20.4%
1986Cary Middlecoff
20.3%
2017Lorena Ochoa Reyes
20.1%
1982Julius Boros
20.1%
1977Donald Ross
19.9%
2015A.W. Tillinghast
19.8%
2021Tim Finchem
19.7%
1983Jimmy Demaret
19.6%
1951Patty Berg
19.1%
2008Bob Charles
19%
1975Kathy Whitworth
18.8%
1978Clifford Roberts
18.7%
1980Lawson Little
18.4%
1977Bobby Locke
17.8%
2017Henry Longhurst
17.6%
2019Billy Payne
17.6%
2000Deane Beman
17.2%
1990Gene Littler
17.2%
1976James Braid
17.1%
1991Pat Bradley
17%
2009Dwight D. Eisenhower
17%
2011Doug Ford
17%
1982JoAnne Carner
16.9%
2002Harvey Penick
16.7%
2012Hollis Stacy
16.7%
2004Isao Aoki
16.6%
2000Beth Daniel
16.2%
2005Alister MacKenzie
15.7%
2000Jack Burke, Jr.
15.7%
1999Amy Alcott
15.5%
2011George Herbert Walker Bush
15.3%
1975Chick Evans
15.1%
1989Roberto De Vicenzo
15%
2000Judy Rankin
14.9%
Year Member % Correct
1989Jim Barnes
14.8%
1951Louise Suggs
14.8%
2006Mark McCormack
14.7%
1960Betsy Rawls
14.6%
1993Patty Sheehan
14.6%
2002Tommy Bolt
14.6%
1980Henry Cotton
14.2%
2013Ken Schofield
14.1%
1981Ralph Guldahl
13.9%
2001Judy Bell
13.8%
2011Masashi 'Jumbo' Ozaki
13.8%
2019Dennis Walters
13.6%
1992Harry Cooper
13.3%
2009Christy O'Connor
12.9%
1978Harold Hilton
12.9%
2006Henry Picard
12.9%
1951Betty Jameson
12.7%
1975Joseph Dey
12.5%
1990William C. Campbell
12.4%
1998Lloyd Mangrum
12.4%
2004Charlie Sifford
12.4%
2008Herbert Warren Wind
12.3%
2001Allan Robertson
12.1%
1977Carol Mann
11.7%
2001Karsten Solheim
11.7%
1990Paul Runyan
11.7%
2007Kel Nagle
11.6%
2001Donna Caponi
11.6%
2008Denny Shute
11.5%
2003Leo Diegel
11.3%
2007Charles B. Macdonald
11.2%
1976Jerome Travers
11.1%
1977Sandra Haynie
11%
2000John Jacobs
10.7%
1975Fred Corcoran
10.5%
1978Dorothy Campbell Hurd Howe
10.1%
2005Ayako Okamoto
10.1%
2021Marion Hollins
9.9%
2002Marlene Bauer Hagge
9.9%
1975Glenna Collett-Vare
9.9%
1979Walter Travis
9.8%
2007Joe Carr
9.8%
2021Susie Maxwell Berning
9.8%
2005Bernard Darwin
9.7%
2011Frank Chirkinian
9.3%
1975Joyce Wethered
9%
2011Jock Hutchison
8.9%
2004Marlene Stewart Streit
8.7%
2003Hisako 'Chako' Higuchi
8.4%
2000Neil Coles
8.3%
1988Bob Harlow
8.2%
1992Richard Tufts
8.1%
2000Michael Bonallack
8.1%
1977Herb Graffis
8.1%

From the Vault

Sporclin' in the Rain

by livicj5

Movies 10m
You might want to bring an umbrella if you plan on seeing any of these films.
Remove Ads.
Support Sporcle.
Get the best of Sporcle when you Go Orange. This ad-free experience offers more features, more stats, and more fun while also helping to support Sporcle. Thank you for becoming a member.

Show Comments

Extras

Top Quizzes Today


Score Distribution

Your Account Isn't Verified!

In order to create a playlist on Sporcle, you need to verify the email address you used during registration. Go to your Sporcle Settings to finish the process.

Report this User

Report this user for behavior that violates our Community Guidelines.

Details: